महाक्रांतिकारीः मंगल पांडे / (Record no. 97534)

MARC details
000 -LEADER
fixed length control field 01757nam a22003017a 4500
005 - DATE AND TIME OF LATEST TRANSACTION
control field 20180404095646.0
010 ## - LCCN (DPL NO)
LC control number 1516HN08 B-619849-857 HIN-108489 B-668652 B-690174-175 बलिदानी
020 ## - INTERNATIONAL STANDARD BOOK NUMBER
Terms of availability 175.00
International Standard Book Number 9788189573775
020 ## - INTERNATIONAL STANDARD BOOK NUMBER
Terms of availability 200.00 बलिदानी
International Standard Book Number 9788189573775
035 ## - SYSTEM CONTROL NUMBER
System control number B-619849-857 HN-80835
035 ## - SYSTEM CONTROL NUMBER
System control number B-668652
035 ## - SYSTEM CONTROL NUMBER
System control number B-690174-175
037 ## - SOURCE OF ACQUISITION
Source of stock number/acquisition OCEAN/VEN
037 ## - SOURCE OF ACQUISITION
Source of stock number/acquisition प्रभात
037 ## - SOURCE OF ACQUISITION
Source of stock number/acquisition DBAD/PUB.
082 ## - DEWEY DECIMAL CLASSIFICATION NUMBER
Classification number 920
100 ## - MAIN ENTRY--PERSONAL NAME
Personal name दिनकर कुमार
245 ## - TITLE STATEMENT
Title महाक्रांतिकारीः मंगल पांडे /
Statement of responsibility, etc दिनकर कुमार
246 ## - VARYING FORM OF TITLE
Title proper/short title Mahakrantikari Mangal Pandey
260 ## - PUBLICATION, DISTRIBUTION, ETC. (IMPRINT)
Place of publication, distribution, etc दिल्ली
Name of publisher, distributor, etc चिल्ड्रन बुक टेंपल
Date of publication, distribution, etc 2015
-- 2017 बलिदानी
270 ## - ADDRESS
Address सी-55, गणेश नगर, पांडव रोड
City दिल्ली
Postal code 110092
300 ## - PHYSICAL DESCRIPTION
Extent 127पृ.
Dimensions 22सेमी (सजिल्द)
Other physical details सचित्र
500 ## - GENERAL NOTE
General note बलिदानी, संदर्भ ग्रन्थ
942 ## - ADDED ENTRY ELEMENTS (KOHA)
Source of classification or shelving scheme Dewey Decimal Classification
Item type Hindi Books
Classification part 920
Call number suffix दिनक
Holdings
Withdrawn status Lost status Not for loan Collection code Home library Current library Date acquired Source of acquisition Cost, normal purchase price Full call number Barcode Copy number Cost, replacement price Koha item type
      Non-fiction Ashok Vihar Ashok Vihar 06/02/2018 OCEAN/BL19701/4.3.17/583/16.2.17/18.3.17 175.00 920 दिनक B-668652 1 175.00 Hindi Books
      Non-fiction Central Jail Tihar Central Jail Tihar 09/05/2016 OCEAN/BL19610/8.12.15/170/30.11.15/20.1.16 175.00 920 दिनक B-619853 1 175.00 Hindi Books
      Non-fiction Central Library Central Library 09/05/2016 OCEAN/BL19610/8.12.15/170/30.11.15/20.1.16 175.00 920 दिनक B-619849 1 175.00 Hindi Books
      Non-fiction Central Library Central Library 04/04/2018 प्रभात प्रकाशन PP/BL-5305/05.03.18/832/20.02.18/05.03.18 200.00 920 दिनक B-690174 1 200.00 Hindi Books
      Non-fiction Janak Puri Janak Puri 09/05/2016 OCEAN/BL19610/8.12.15/170/30.11.15/20.1.16 175.00 920 दिनक B-619854 1 175.00 Hindi Books
      Non-fiction Mobile Library Mobile Library 09/05/2016 OCEAN/BL19610/8.12.15/170/30.11.15/20.1.16 175.00 920 दिनक B-619850 1 175.00 Hindi Books
      Non-fiction New Police Line New Police Line 09/05/2016 OCEAN/BL19610/8.12.15/170/30.11.15/20.1.16 175.00 920 दिनक B-619851 1 175.00 Hindi Books
      Non-fiction Patel Nagar Patel Nagar 09/05/2016 OCEAN/BL19610/8.12.15/170/30.11.15/20.1.16 175.00 920 दिनक B-619852 1 175.00 Hindi Books
      Non-fiction R.K.Puram-8 R.K.Puram-8 09/05/2016 OCEAN/BL19610/8.12.15/170/30.11.15/20.1.16 175.00 920 दिनक B-619856 1 175.00 Hindi Books
      Non-fiction Sarojini Nagar Sarojini Nagar 09/05/2016 OCEAN/BL19610/8.12.15/170/30.11.15/20.1.16 175.00 920 दिनक B-619855 1 175.00 Hindi Books
      Non-fiction Sarojini Nagar Sarojini Nagar 04/04/2018 प्रभात प्रकाशन PP/BL-5305/05.03.18/832/20.02.18/05.03.18 200.00 920 दिनक B-690175 1 200.00 Hindi Books
      Non-fiction Shahdara Branch Shahdara Branch 30/08/2016 DBAD/PUB. 175.00 920 दिनक HN-80835 1 175.00 Hindi Books
      Non-fiction Vinoba Puri Vinoba Puri 09/05/2016 OCEAN/BL19610/8.12.15/170/30.11.15/20.1.16 175.00 920 दिनक B-619857 1 175.00 Hindi Books

© Delhi Public Library
Hit Counter
free hit counter